| 000 | 00436nam a2200145Ia 4500 | ||
|---|---|---|---|
| 008 | 210430s9999 xx 000 0 und d | ||
| 020 | _a978-3527302673 | ||
| 082 | _a662.2 M6121 E | ||
| 100 |
_aMeyer, Rudolf. _952552 |
||
| 245 |
_aExplosives, 5th ed / _cMeyer, Rudolf. |
||
| 260 |
_a[S.l.] : _bWiley-VCH, _c2002 |
||
| 300 | _a434 p. ; | ||
| 856 | _uhttp://www.amazon.com/exec/obidos/ASIN/3527302670/chopaconline-20 | ||
| 942 |
_cBK _2ddc |
||
| 999 |
_c561965 _d561965 |
||